000 00708nam a2200157 a 4500
001 000030569
005 20200930062402.0
008 110524s1938 dr 000 0 spa d
040 _aDO-SdBNP
_bspa
_cBNPHU
082 _axxx
_bR426m
110 1 _aRepública Dominicana
_bPresidencia de la República
_917065
245 1 0 _aMensaje del excelentísimo señor Presidente de la República Generalísimo Rafael L. Trujillo Molina :
_bbenefactor de la patria, depositado ante el Congreso Nacional el 27 de febrero de 1938, dando cuenta de su admiración durante el año 1937.
260 _aCiudad Trujillo, República Dominicana :
_bImp. Listín Diario,
_c1938.
300 _a83 p. :
_bretr. ;
_c23 cm.
049 _aBNPD
999 _c30061
_d30061